000 00407nam a22001697a 4500
005 20160618093311.0
008 160618b xxu||||| |||| 00| 0 eng d
020 _a81-203-0132-3
041 _aeng
082 _b8060
100 _aWiest, Jerome D & Levy Ferdinand K
_92051
245 _aA Management Guide to PERI/CPM
260 _bPHI
_c2004
300 _a176
650 _aManagement
_9241
942 _cBK
999 _c3029
_d3028